<?xml version="1.0" encoding="UTF-8"?>
<record
    xmlns:xsi="http://www.w3.org/2001/XMLSchema-instance"
    xsi:schemaLocation="http://www.loc.gov/MARC21/slim http://www.loc.gov/standards/marcxml/schema/MARC21slim.xsd"
    xmlns="http://www.loc.gov/MARC21/slim">

  <leader>00576nam a22001577a 4500</leader>
  <controlfield tag="005">20150519120807.0</controlfield>
  <controlfield tag="008">150519b        xxu||||| |||| 00| 0 eng d</controlfield>
  <datafield tag="040" ind1=" " ind2=" ">
    <subfield code="c">PK-LaUMT</subfield>
  </datafield>
  <datafield tag="082" ind1=" " ind2=" ">
    <subfield code="a">KHC 954.0359</subfield>
    <subfield code="b">SER-T</subfield>
  </datafield>
  <datafield tag="100" ind1=" " ind2=" ">
    <subfield code="a">&#x633;&#x6CC;&#x631;&#x648;&#x627;&#x626;&#x6CC;&#x60C; &#x627;&#x6CC;&#x686; &#x627;&#x6CC;&#x645; </subfield>
  </datafield>
  <datafield tag="245" ind1=" " ind2=" ">
    <subfield code="a">&#x62A;&#x642;&#x633;&#x6CC;&#x645; &#x6C1;&#x646;&#x62F; &#x627;&#x641;&#x633;&#x627;&#x646;&#x6C1; &#x627;&#x648;&#x631; &#x62D;&#x642;&#x6CC;&#x642;&#x62A; </subfield>
    <subfield code="b">&#x6AF;&#x627;&#x646;&#x62F;&#x6BE;&#x6CC;&#x60C; &#x646;&#x6C1;&#x631;&#x648;&#x60C; &#x627;&#x646;&#x6AF;&#x631;&#x6CC;&#x632; &#x62D;&#x6A9;&#x648;&#x645;&#x62A; &#x627;&#x648;&#x631; &#x642;&#x627;&#x626;&#x62F;&#x627;&#x639;&#x638;&#x645; &#x6A9;&#x627; &#x6A9;&#x631;&#x62F;&#x627;&#x631;</subfield>
    <subfield code="c">&#x627;&#x6CC;&#x686; &#x627;&#x6CC;&#x645; &#x633;&#x6CC;&#x631;&#x648;&#x627;&#x626;&#x6CC;</subfield>
  </datafield>
  <datafield tag="260" ind1=" " ind2=" ">
    <subfield code="a">&#x644;&#x627;&#x6C1;&#x648;&#x631;</subfield>
    <subfield code="b">&#x62C;&#x646;&#x6AF; &#x67E;&#x628;&#x644;&#x634;&#x631;&#x632;</subfield>
    <subfield code="c">1990</subfield>
  </datafield>
  <datafield tag="300" ind1=" " ind2=" ">
    <subfield code="a">236 &#x635;</subfield>
  </datafield>
  <datafield tag="700" ind1=" " ind2=" ">
    <subfield code="a">&#x635;&#x641;&#x62F;&#x631; &#x645;&#x62D;&#x645;&#x648;&#x62F;(&#x62A;&#x631;&#x62C;&#x645;&#x6C1;</subfield>
  </datafield>
  <datafield tag="942" ind1=" " ind2=" ">
    <subfield code="c">BK</subfield>
  </datafield>
  <datafield tag="999" ind1=" " ind2=" ">
    <subfield code="c">72028</subfield>
    <subfield code="d">72028</subfield>
  </datafield>
  <datafield tag="952" ind1=" " ind2=" ">
    <subfield code="0">0</subfield>
    <subfield code="1">0</subfield>
    <subfield code="4">0</subfield>
    <subfield code="7">0</subfield>
    <subfield code="a">01</subfield>
    <subfield code="b">01</subfield>
    <subfield code="d">2015-05-19</subfield>
    <subfield code="l">0</subfield>
    <subfield code="o">KHC 954.0359 SER-T</subfield>
    <subfield code="p">73580</subfield>
    <subfield code="r">2015-05-19 00:00:00</subfield>
    <subfield code="w">2015-05-19</subfield>
    <subfield code="y">BK</subfield>
  </datafield>
</record>
